[Event "Chigorin Memorial 29th"]
[Site "St Petersburg"]
[Date "2022.10.22"]
[Round "1"]
[White "Kiseleva, Arina"]
[Black "Radzko, Tatsiana"]
[Result "1-0"]
[WhiteElo "1934"]
[BlackElo "1177"]
[PlyCount "67"]
[EventDate "2022.10.22"]
[EventType "swiss"]
[EventRounds "9"]
[EventCountry "RUS"]
[SourceTitle "EXT 2024"]
[Source "ChessBase"]
[SourceDate "2023.10.10"]
[SourceVersion "1"]
[SourceVersionDate "2023.10.10"]
[SourceQuality "1"]

1. d4 d5 2. c4 c6 3. Nf3 Nf6 4. Nbd2 g6 5. e3 Bg7 6. Be2 0-0 7. b4 a6 8. 0-0 b5 9. cxb5 cxb5 10. Ne5 Bb7 11. a4 Qb6 12. Nb3 Nc6 13. Nxc6 Bxc6 14. a5 Qc7 15. Nc5 Nd7 16. Nd3 Rfe8 17. f4 Rac8 18. Bb2 Bb7 19. Rc1 Qd6 20. Qb3 e6 21. Nc5 Nxc5 22. Rxc5 Bf8 23. Rfc1 Qd7 24. Qc3 Bd6 25. Bf3 Rf8 26. h4 Bxc5 27. dxc5 f6 28. h5 Kg7 29. Qd4 Bc6 30. g4 Rce8 31. g5 e5 32. gxf6+ Kf7 33. fxe5 Rd8 34. Bg4 1-0